000 00951cam a22002294a 4500
001 12654291
005 20250613132311.0
008 020124s2002 ilua b 000 0 eng
020 _a0802413579
050 0 0 _aBS649.E63
_bP76 2002
082 0 0 _a220.1/5
_221
245 0 0 _aProphecy in light of today /
_cCharles H. Dyer ... [et al.].
260 _aChicago, Ill. :
_bMoody Press,
_cc2002.
300 _a127 p. :
_bill. ;
_c22 cm.
650 0 _aEnd of the world
_xBiblical teaching.
650 0 _aSeptember 11 Terrorist Attacks, 2001
_xReligious aspects
_xChristianity.
700 1 _aDyer, Charles H.,
_d1952-
856 4 2 _3Publisher description
_uhttp://www.loc.gov/catdir/enhancements/fy0612/2002019894-d.html
856 4 2 _3Contributor biographical information
_uhttp://www.loc.gov/catdir/enhancements/fy1201/2002019894-b.html
856 4 1 _3Table of contents only
_uhttp://www.loc.gov/catdir/enhancements/fy1203/2002019894-t.html
942 _2lcc
_cBK
_n0
999 _c6458
_d6458